Statistics for Most Populous Oceanian Country By Letter

Click here to take the quiz!

General Stats

  • This quiz has been taken 17 times
  • The average score is 8 of 9

Answer Stats

LetterCountryPopulation% Correct
AAustralia26,599,762
100%
FFiji913,636
93%
N
New Zealand4,909,986
93%
KKiribati125,321
87%
PPapua New Guinea9,459,798
87%
MMarshall Islands62,630
80%
TTonga106,480
80%
VVanuatu325,287
80%
SSolomon Islands722,730
73%

Score Distribution

Percentile by Number Answered

Percent of People with Each Score

Your Score History

You have not taken this quiz